000 01457nam a22002177a 4500
999 _c60150
_d60150
003 Ge_BSU
005 20230613121828.0
008 230613s2012 ge ||||| |||| 00| 0 geo d
020 _a9789941177019
041 _ageo
080 _a903.43(479.224) +736.2 მ-97
100 _aმშვილდაძე, მარიკა
_915413
245 _aბიჭვინთის ნაქალაქარის გლიპტიკური ძეგლები :
_b(კულტურულ-ისტორიული ნარკვევი) /
_c მარიკა მშვილდაძე ; რედ. გ. ლორთქიფანიძე ; ივანე ჯავახიშვილის სახ. თსუ, ჰუმანიტ. მეცნ. ფაკ-ტის მსოფლიო ისტორიის ინ-ტი.
264 _aთბილისი :
_bუნივერსალი,
_c2012.
300 _a192 გვ. :
_bტაბ. ;
_c20 სმ.
501 _aსაძიებლები: გვ. 155-156. შემოკლებათა განმარტება: გვ. 173.
504 _aბიბლიოგრ.: გვ. 157-172.
700 _aლორთქიფანიძე, გ.
_eრედაქტორი
_91484
710 _aთსუ.
_bჰუმანიტ. მეცნ. ფაკ-ტის მსოფლიო ისტორიის ინ-ტი.
_918667
942 _2udc
_cBK